000
00300nam a22001337a 4500
008
170529b xxu||||| |||| 00| 0 eng d
020
_a
0070296138
041
_a
eng
080
_a
62
100
_a
26
101
_a
IM
245
_a
EXPERIMENTAL METHODS FOR ENGINEERS
_c
HOLMAN ,J.P
942
_2
udc
_c
BK
999
_c
14895
_d
14895